Fundamentals of the Indian financial system (Record no. 4355)

MARC details
000 -LEADER
fixed length control field 00463 a2200169 4500
000 - LEADER
fixed length control field BKB
001 - CONTROL NUMBER
control field 070990
005 - DATE AND TIME OF LATEST TRANSACTION
control field 20200902150916.0
008 - FIXED-LENGTH DATA ELEMENTS--GENERAL INFORMATION
fixed length control field
082 ## - DEWEY DECIMAL CLASSIFICATION NUMBER
Classification number 336.54
Item number D45F
100 1# - MAIN ENTRY--PERSONAL NAME
Personal name Desai, Vasant
245 1# - TITLE STATEMENT
Title Fundamentals of the Indian financial system
Statement of responsibility, etc by Vasant Desai
250 ## - EDITION STATEMENT
Edition statement 7th ed.
260 ## - PUBLICATION, DISTRIBUTION, ETC. (IMPRINT)
Place of publication, distribution, etc Mumbai
Name of publisher, distributor, etc Himalaya Publishing
Date of publication, distribution, etc 2010
300 ## - PHYSICAL DESCRIPTION
Extent 544p.
690 ## - LOCAL SUBJECT ADDED ENTRY--TOPICAL TERM (OCLC, RLIN)
Topical term or geographic name as entry element Financial Management; India
Holdings
Withdrawn status Lost status Damaged status Not for loan Home library Current library Date acquired Cost, normal purchase price Total Checkouts Full call number Barcode Date last seen Date checked out Price effective from Koha item type
        Central University Of Rajasthan Central University Of Rajasthan 07/03/2012 398.00 1 336.54 D45F 5277 09/09/2024 29/07/2024 02/09/2020 Books